Catálogo público

Tomates / (Record no. 218263)

MARC details
000 -CABECERA
campo de control de longitud fija 00956 a2200277 4500
003 - IDENTIFICADOR DEL NÚMERO DE CONTROL
campo de control OSt
005 - FECHA Y HORA DE LA ÚLTIMA TRANSACCIÓN
campo de control 20230711093238.0
008 - DATOS DE LONGITUD FIJA--INFORMACIÓN GENERAL
campo de control de longitud fija 230204s2012 mx a|||f |||| 001 0 spa d
020 ## - NÚMERO INTERNACIONAL ESTÁNDAR DEL LIBRO
Número Internacional Estándar del Libro 9786071712066
040 ## - FUENTE DE LA CATALOGACIÓN
Centro/agencia transcriptor CHAP
082 00 - NÚMERO DE LA CLASIFICACIÓN DECIMAL DEWEY
Número de edición 22
Número de clasificación 635.6421
Número de documento/Ítem T65 2012
245 00 - MENCIÓN DE TÍTULO
Título Tomates /
Mención de responsabilidad, etc. basado en el trabajo de J. N. M. Van Haeff; con la colaboración de José R. Mondoñedo, David B. Parsons y J. Medina Figueroa
250 ## - MENCIÓN DE EDICIÓN
Mención de edición Cuarta edición
264 #1 - PRODUCCIÓN, PUBLICACIÓN, DISTRIBUCIÓN, FABRICACIÓN Y COPYRIGHT
Producción, publicación, distribución, fabricación y copyright México:
Nombre del de productor, editor, distribuidor, fabricante Trillas,
Fecha de producción, publicación, distribución, fabricación o copyright 2012.
300 ## - DESCRIPCIÓN FÍSICA
Extensión 77 páginas:
Otras características físicas Ilustraciones, cuadros.
490 1# - MENCIÓN DE SERIE
Mención de serie Manuales para educación agropecuaria.
504 ## - NOTA DE BIBLIOGRAFÍA, ETC.
Nota de bibliografía, etc. Incluye índice y bibliografía.
650 #4 - PUNTO DE ACCESO ADICIONAL DE MATERIA--TÉRMINO DE MATERIA
9 (RLIN) 130266
Término de materia o nombre geográfico como elemento de entrada Tomate
Subdivisión general Cultivo
650 #4 - PUNTO DE ACCESO ADICIONAL DE MATERIA--TÉRMINO DE MATERIA
9 (RLIN) 113748
Término de materia o nombre geográfico como elemento de entrada Tomate
Subdivisión general Plagas
650 #4 - PUNTO DE ACCESO ADICIONAL DE MATERIA--TÉRMINO DE MATERIA
9 (RLIN) 113711
Término de materia o nombre geográfico como elemento de entrada Tomate
Subdivisión general Enfermedades
700 1# - PUNTO DE ACCESO ADICIONAL--NOMBRE DE PERSONA
9 (RLIN) 117766
Nombre de persona Van Haeff, J. N. M.
700 1# - PUNTO DE ACCESO ADICIONAL--NOMBRE DE PERSONA
9 (RLIN) 77476
Nombre de persona Mondoñedo, José R.
700 0# - PUNTO DE ACCESO ADICIONAL--NOMBRE DE PERSONA
9 (RLIN) 85775
Nombre de persona Parsons, David B.
700 1# - PUNTO DE ACCESO ADICIONAL--NOMBRE DE PERSONA
9 (RLIN) 187551
Nombre de persona Medina Figueroa, J.
942 ## - ELEMENTOS DE PUNTO DE ACCESO ADICIONAL (KOHA)
Tipo de ítem Koha
Fuente del sistema de clasificación o colocación Dewey Decimal Classification
Holdings
Estado de retiro Estado de pérdida Fuente del sistema de clasificación o colocación Estado dañado Restricciones de uso No para préstamo Código de colección Localización permanente Ubicación/localización actual Ubicación en estantería Fecha de adquisición Total de préstamos Signatura topográfica completa Código de barras Fecha visto por última vez Precio válido a partir de Tipo de ítem Koha Fecha del último préstamo Número de copia
    Dewey Decimal Classification   Préstamo 15 días   General Biblioteca Central Biblioteca Central Planta principal - Colección General 10/07/2023   635.6421 T65 2012 33724002575686 10/07/2023 10/07/2023 Libro    
    Dewey Decimal Classification   Préstamo 15 días   General Biblioteca Central Biblioteca Central Planta principal - Colección General 10/07/2023 1 635.6421 T65 2012 33724002575728 03/03/2026 10/07/2023 Libro 25/02/2026 c.2